000 00282pab a2200133 454500
008 180718b1998 xxu||||| |||| 00| 0 eng d
245 _aREASONS for review
260 _c1998
300 _ap.9
362 _a10 Aug
650 _aConstitutions
773 _aPioneer
909 _a39421
999 _c39421
_d39421